[Event "4NCL Division 3n"]
[Site "Shrigley Hall ENG"]
[Date "2014.01.12"]
[Round "4.68"]
[White "Flores, Marciel T"]
[Black "Zhang, Zheming"]
[Result "1-0"]
[WhiteElo "2101"]
[BlackElo "1807"]
[PlyCount "129"]
[EventDate "2014.01.12"]
[WhiteTeam "Manchester Manticores 1"]
[BlackTeam "Cheddleton 2"]

1. Nf3 e6 2. g3 f5 3. Bg2 Nf6 4. O-O Be7 5. b3 O-O 6. Bb2 d6 7. d4 Nc6 8. c4
Qe8 9. Nc3 Bd8 10. Qd2 Ne4 11. Nxe4 fxe4 12. Ng5 d5 13. Nh3 Bf6 14. e3 Ne7 15.
f3 exf3 16. Rxf3 c6 17. Raf1 Bd7 18. Nf2 Nf5 19. e4 dxe4 20. Nxe4 Qe7 21. Nxf6+
Rxf6 22. d5 Rff8 23. d6 Nxd6 24. Rxf8+ Rxf8 25. Rxf8+ Qxf8 26. c5 Nf5 27. Qxd7
Qxc5+ 28. Kh1 Qe7 29. Qxe7 Nxe7 30. Kg1 Kf7 31. Kf2 g6 32. Be4 Nc8 33. Be5 a6
34. Ke3 Ke7 35. h4 Nb6 36. h5 Nd7 37. Bb2 Kf7 38. hxg6+ hxg6 39. Kf4 Nc5 40.
Bc2 Nd7 41. Kg5 Nf8 42. Kh6 c5 43. Bg7 Nd7 44. Bxg6+ Ke7 45. g4 e5 46. Bf5 Nf6
47. Bxf6+ Kxf6 48. Be4 b5 49. g5+ Ke6 50. g6 Kd6 51. g7 Kc7 52. g8=Q Kb6 53.
Qe6+ Ka5 54. Qxe5 Kb4 55. Kg5 Ka5 56. Kf4 Kb4 57. Ke3 Ka5 58. Kd3 Kb6 59. Qb8+
Ka5 60. Qc7+ Kb4 61. Kc2 c4 62. bxc4 bxc4 63. Qb6+ Ka4 64. Bc6+ Ka3 65. Qb2#
1-0

[Event "4NCL Division 3n"]
[Site "Shrigley Hall ENG"]
[Date "2014.01.12"]
[Round "4.75"]
[White "Bennett, Patrick"]
[Black "Wise, David"]
[Result "1/2-1/2"]
[WhiteElo "2015"]
[BlackElo "2107"]
[PlyCount "42"]
[EventDate "2014.01.12"]
[WhiteTeam "Holmes Chapel"]
[BlackTeam "North East England 2"]

1. d4 Nf6 2. c4 e6 3. g3 d5 4. Nf3 Bb4+ 5. Bd2 Be7 6. Bg2 O-O 7. Qc2 c6 8. O-O
Nbd7 9. cxd5 exd5 10. Nc3 Re8 11. Rae1 Nf8 12. Ne5 Qb6 13. Na4 Qd8 14. Nc3 Qb6
15. Na4 Qd8 16. Nc5 N8d7 17. Ncxd7 Nxd7 18. Nxd7 Bxd7 19. b4 Be6 20. Rb1 {(=)}
Qd7 21. Rb3 Bf5 1/2-1/2

[Event "4NCL Division 3n"]
[Site "Shrigley Hall ENG"]
[Date "2014.01.12"]
[Round "4.76"]
[White "Prasath, Malola TS"]
[Black "Doran, Chris"]
[Result "1/2-1/2"]
[WhiteElo "2041"]
[BlackElo "1975"]
[PlyCount "100"]
[EventDate "2014.01.12"]
[WhiteTeam "North East England 2"]
[BlackTeam "Holmes Chapel"]

1. e4 c5 2. Nf3 d6 3. d4 cxd4 4. Nxd4 Nf6 5. Nc3 g6 6. Be3 Bg7 7. f3 Nc6 8. Qd2
O-O 9. h4 h5 10. Nb3 Be6 11. Bh6 Bxh6 12. Qxh6 Ne5 13. Be2 Qb6 14. O-O-O Rac8
15. g4 Rxc3 16. bxc3 Bxg4 17. fxg4 Nexg4 18. Bxg4 Nxg4 19. Qd2 Nf2 20. Qd4 Nxh1
21. Qxb6 axb6 22. Rxh1 Ra8 23. Kb2 f5 24. exf5 gxf5 25. Rg1+ Kf7 26. Rg5 e6 27.
Rxh5 Kg6 28. Rg5+ Kf6 29. Nd4 Rh8 30. Nf3 Rxh4 31. Rxf5+ Kxf5 32. Nxh4+ Kg5 33.
Ng2 Kg4 34. Kc1 Kf3 35. Nh4+ Ke2 36. a4 e5 37. c4 e4 38. Nf5 e3 39. Nd4+ Ke1
40. Kb2 e2 41. Kb3 Kf2 42. Nxe2 Kxe2 43. Kb4 Kd2 44. Kb5 Kxc2 45. Kxb6 Kb3 46.
a5 Kb4 47. Kc7 Kxa5 48. Kxd6 b6 49. Kc6 Kb4 50. Kd5 Kc3 1/2-1/2

[Event "4NCL Division 3n"]
[Site "Shrigley Hall ENG"]
[Date "2014.01.12"]
[Round "4.77"]
[White "Turner, John M"]
[Black "Kendall, Paul SN"]
[Result "1/2-1/2"]
[WhiteElo "2040"]
[BlackElo "2027"]
[PlyCount "56"]
[EventDate "2014.01.12"]
[WhiteTeam "Holmes Chapel"]
[BlackTeam "North East England 2"]

1. e4 c5 2. Nc3 Nc6 3. Bb5 g6 4. f4 Bg7 5. Bxc6 dxc6 6. Nf3 Nh6 7. d3 b6 8. O-O
f6 9. Qe2 Nf7 10. Be3 e5 11. fxe5 fxe5 12. Rae1 Qe7 13. Qf2 Ba6 14. b3 O-O 15.
Na4 Nd6 16. c4 Rf7 17. Qg3 Raf8 18. Ng5 Rxf1+ 19. Rxf1 Rxf1+ 20. Kxf1 Bc8 21.
Nf3 Nf7 22. Ke2 Qd6 23. h4 h5 24. Ng5 Bg4+ 25. Kd2 Nd8 26. Qf2 Bf6 27. Nc3 Kg7
28. Ne2 Ne6 1/2-1/2

[Event "4NCL Division 3n"]
[Site "Shrigley Hall ENG"]
[Date "2014.01.12"]
[Round "4.80"]
[White "Plater, Ron"]
[Black "Pearson, Raymond"]
[Result "0-1"]
[WhiteElo "1955"]
[BlackElo "1923"]
[PlyCount "110"]
[EventDate "2014.01.12"]
[WhiteTeam "North East England 2"]
[BlackTeam "Holmes Chapel"]

1. d4 c5 2. e4 cxd4 3. c3 dxc3 4. Nxc3 Nc6 5. Nf3 e6 6. a3 Nf6 7. Bc4 a6 8. b4
b5 9. Bb3 Qc7 10. Bb2 Be7 11. Rc1 Qf4 12. Qe2 O-O 13. O-O Bb7 14. Rfd1 Rad8 15.
h3 Nb8 16. g3 Qh6 17. e5 Ne8 18. Rd4 Qxh3 19. Ne4 f5 20. Nc5 Bc6 21. Nd3 g5 22.
Nde1 g4 23. Nh2 Bg5 24. Rcd1 Ng7 25. Qf1 Qh5 26. Bc1 Bxc1 27. Rxc1 Qg5 28. Nd3
Nh5 29. Nf4 Nxf4 30. Rxf4 h5 31. Rd1 Rf7 32. Qd3 Qe7 33. Nf1 Be4 34. Qd6 Qxd6
35. Rxd6 Rc8 36. Rd1 Rc3 37. Nd2 Rxb3 38. Nxb3 Bc2 39. Rc1 Bxb3 40. Rc5 Nc6 41.
f3 Bd5 42. fxg4 Nxe5 43. gxf5 Rg7 44. fxe6 dxe6 45. Rc8+ Kh7 46. Kh2 Nf3+ 47.
Kh3 e5 48. Rf6 Be6+ 49. Kg2 Nh4+ 50. Kf2 Bxc8 51. gxh4 Re7 52. Ke3 Kg7 53. Rc6
Bb7 54. Rb6 e4 55. Rd6 Rc7 0-1

[Event "4NCL Division 3n"]
[Site "Shrigley Hall ENG"]
[Date "2014.01.12"]
[Round "4.85"]
[White "Williamson, Roger G"]
[Black "Bryant, Richard BE"]
[Result "1-0"]
[WhiteElo "2140"]
[BlackElo "1967"]
[PlyCount "77"]
[EventDate "2014.01.12"]
[WhiteTeam "Ferry 'Cross the Maroczy 1"]
[BlackTeam "Spirit of Atticus B"]

1. d4 d5 2. c4 c6 3. Nf3 e6 4. Bg5 Qb6 5. Nbd2 Nd7 6. Qc2 f5 7. e3 Ngf6 8. Bd3
Ne4 9. g4 Bb4 10. Bf4 Ndf6 11. gxf5 exf5 12. a3 Bxd2+ 13. Nxd2 O-O 14. f3 Nxd2
15. Qxd2 Be6 16. c5 Qd8 17. h4 Nh5 18. Bd6 Rf7 19. Qc2 b6 20. O-O-O bxc5 21.
dxc5 a5 22. Rdg1 g6 23. Rg5 Rb7 24. Rhg1 Kf7 25. Be5 Ke8 26. Bxf5 Bxf5 27. Rxf5
Qxh4 28. Rfg5 Raa7 29. Rxg6 hxg6 30. Qxg6+ Rf7 31. Qxc6+ Rad7 32. Rg8+ Rf8 33.
Rxf8+ Kxf8 34. Qxd7 Qe1+ 35. Kc2 Qe2+ 36. Kb1 Qd1+ 37. Ka2 a4 38. Qb5 Kf7 39.
c6 1-0

[Event "4NCL Division 3n"]
[Site "Shrigley Hall ENG"]
[Date "2014.01.12"]
[Round "4.96"]
[White "Jennings, Roger W"]
[Black "Mounce, Richard B"]
[Result "1/2-1/2"]
[WhiteElo "2132"]
[BlackElo "2048"]
[PlyCount "55"]
[EventDate "2014.01.12"]
[WhiteTeam "Bradford DCA Knights B"]
[BlackTeam "Jorvik"]

1. g3 e5 2. Bg2 d5 3. d3 Nf6 4. Nf3 Nc6 5. O-O Bc5 6. Nxe5 Nxe5 7. d4 Bd6 8.
dxe5 Bxe5 9. Nd2 O-O 10. c4 Be6 11. Nf3 Bd6 12. Nd4 c6 13. Bg5 h6 14. Bxf6 Qxf6
15. cxd5 Bxd5 16. Bxd5 cxd5 17. e3 Be5 18. Qb3 Bxd4 19. exd4 Qxd4 20. Rad1 Qc4
21. Qxb7 d4 22. b3 Qc3 23. Qe4 Rad8 24. Qd3 Rfe8 25. Qxc3 dxc3 26. Rxd8 Rxd8
27. Rc1 Rd2 28. Rxc3 1/2-1/2

[Event "4NCL Division 3n"]
[Site "Shrigley Hall ENG"]
[Date "2014.01.12"]
[Round "4.98"]
[White "Nicholson, Jim WR"]
[Black "Cowan, Richard M"]
[Result "0-1"]
[WhiteElo "2030"]
[BlackElo "1803"]
[PlyCount "78"]
[EventDate "2014.01.12"]
[WhiteTeam "Bradford DCA Knights B"]
[BlackTeam "Jorvik"]

1. d4 Nf6 2. Nf3 g6 3. Bg5 Bg7 4. Nbd2 d6 5. c3 a6 6. a4 h6 7. Bh4 g5 8. Bg3
Bf5 9. e3 Nbd7 10. Bc4 Rb8 11. Qe2 Ne4 12. Nxe4 Bxe4 13. O-O Nf6 14. Nd2 Qd7
15. f3 Bg6 16. b4 b5 17. axb5 axb5 18. Bd3 Bxd3 19. Qxd3 h5 20. h4 g4 21. f4
O-O 22. e4 c5 23. Rfc1 Rfd8 24. Bf2 Qb7 25. Qe2 cxb4 26. cxb4 Ra8 27. Rxa8 Rxa8
28. Qd3 e6 29. Re1 Qc6 30. Qb3 Rc8 31. e5 Nd5 32. g3 dxe5 33. dxe5 Bf8 34. Ne4
Bxb4 35. Rb1 Kg7 36. Nf6 Bc5 37. Nxd5 Bxf2+ 38. Kxf2 exd5 39. Rb2 d4 {lost on
time} 0-1

[Event "4NCL Division 3n"]
[Site "Shrigley Hall ENG"]
[Date "2014.01.12"]
[Round "4.99"]
[White "Flint, Martina"]
[Black "Patrick, David A"]
[Result "0-1"]
[WhiteElo "1857"]
[BlackElo "1879"]
[PlyCount "65"]
[EventDate "2014.01.12"]
[WhiteTeam "Jorvik"]
[BlackTeam "Bradford DCA Knights B"]

1. f4 d6 2. g3 Nf6 3. Bg2 c6 4. d3 Qb6 5. e3 g6 6. Nf3 Bg7 7. c3 Bg4 8. Qe2
Nbd7 9. e4 Qa6 10. Be3 Nc5 11. Bxc5 dxc5 12. h3 Bxf3 13. Bxf3 O-O-O 14. c4 Nh5
15. Kf2 Bd4+ 16. Kg2 Qb6 17. Nc3 Rhg8 18. Rab1 Qc7 19. Rhf1 Ng7 20. Qc2 h5 21.
Ne2 f5 22. h4 e5 23. b4 Ne6 24. Kh3 exf4 25. gxf4 Nxf4+ 26. Nxf4 Qxf4 27. Bxh5
Qh6 28. Be2 g5 29. h5 g4+ 30. Kg2 f4 31. Rxf4 Qxf4 32. Rf1 Qe3 33. Qd1 0-1

[Event "4NCL Division 3n"]
[Site "Shrigley Hall ENG"]
[Date "2014.01.12"]
[Round "4.105"]
[White "Jamieson, Ian M"]
[Black "McCarthy, Damian"]
[Result "1/2-1/2"]
[WhiteElo "1988"]
[BlackElo "1895"]
[PlyCount "102"]
[EventDate "2014.01.12"]
[WhiteTeam "Cheddleton 3"]
[BlackTeam "Bradford DCA Knights C"]

1. b3 e5 2. Bb2 Nc6 3. e3 Nf6 4. Bb5 Bd6 5. Be2 O-O 6. c4 a5 7. Nc3 Re8 8. d3
Bf8 9. Nf3 d5 10. cxd5 Nxd5 11. O-O Nxc3 12. Bxc3 b6 13. a3 Bb7 14. Qc2 Bd6 15.
Nd2 Ne7 16. Bf3 Bxf3 17. Nxf3 Nd5 18. Bb2 Qe7 19. Qc6 Nf6 20. Rfc1 Qd7 21. Rc4
Qxc6 22. Rxc6 Nd7 23. Kf1 Nc5 24. Rxc5 bxc5 25. a4 f6 26. Bc3 Reb8 27. Nd2 c4
28. dxc4 Bb4 29. Rc1 Kf7 30. Bxb4 Rxb4 31. Ke2 f5 32. f3 Rd8 33. Rc3 c5 34. g4
g6 35. h4 Rb7 36. Rc2 h6 37. Rc3 Rbd7 38. Rc2 Re8 39. Nf1 e4 40. gxf5 exf3+ 41.
Kxf3 gxf5 42. Ng3 Kf6 43. Nh5+ Ke5 44. Nf4 Rb8 45. Rg2 Rxb3 46. Rg6 Rd6 47. Rg7
Rd1 48. Re7+ Kd6 49. Re6+ Kd7 50. Rxh6 Ra3 51. Nd5 Rxd5 1/2-1/2

[Event "4NCL Division 3n"]
[Site "Shrigley Hall ENG"]
[Date "2014.01.12"]
[Round "4.107"]
[White "Armstrong, William G"]
[Black "Bramson, Mike"]
[Result "1-0"]
[WhiteElo "1868"]
[BlackElo "1810"]
[PlyCount "89"]
[EventDate "2014.01.12"]
[WhiteTeam "Cheddleton 3"]
[BlackTeam "Bradford DCA Knights C"]

1. e4 e5 2. Nf3 Nc6 3. Bb5 a6 4. Ba4 d6 5. c4 Bd7 6. O-O Nf6 7. Nc3 g6 8. d3
Bg7 9. Bg5 h6 10. Be3 O-O 11. a3 Ne7 12. b4 Nh5 13. Bb3 Nf4 14. Rc1 g5 15. Bxf4
gxf4 16. c5 dxc5 17. bxc5 Bg4 18. h3 Bh5 19. g4 fxg3 20. fxg3 Qd7 21. Kg2 Rad8
22. Nd5 Nxd5 23. exd5 Qe7 24. Qe1 b6 25. Nd4 e4 26. Nc6 Bf3+ 27. Kh2 Qf6 28.
Nxd8 Qb2+ 29. Bc2 Rxd8 30. dxe4 Qxa3 31. Qf2 Bh5 32. cxb6 cxb6 33. Qxb6 Re8 34.
Qc6 f5 35. Bd1 Bf7 36. Rxf5 Rxe4 37. Rxf7 Kxf7 38. Bh5+ Kg8 39. Qc8+ Bf8 40.
Rc2 a5 41. Rf2 Qd6 42. Bf7+ Kg7 43. Be6 Re5 44. Rf7+ Kg8 45. Rxf8+ 1-0

[Event "4NCL Division 3n"]
[Site "Shrigley Hall ENG"]
[Date "2014.01.12"]
[Round "4.115"]
[White "Hawkins, James NH"]
[Black "Mulleady, Peter J"]
[Result "1/2-1/2"]
[WhiteElo "1940"]
[BlackElo "1891"]
[PlyCount "76"]
[EventDate "2014.01.12"]
[WhiteTeam "Ferry 'Cross the Maroczy 2"]
[BlackTeam "Manchester Manticores 2"]

1. e4 g6 2. d4 Bg7 3. c3 d5 4. e5 c5 5. Nf3 cxd4 6. cxd4 Bg4 7. Be2 Nc6 8. Nc3
Nh6 9. h3 Bxf3 10. Bxf3 Nf5 11. Be3 e6 12. O-O O-O 13. Bg4 Nxe3 14. fxe3 a6 15.
Ne2 h5 16. Bf3 Bh6 17. Nf4 Bxf4 18. exf4 Qb6 19. Bxh5 Qxd4+ 20. Qxd4 Nxd4 21.
Bg4 Rac8 22. Rac1 b5 23. Rfd1 Nc2 24. Rd2 Ne3 25. Rxc8 Rxc8 26. Be2 {(=)} Rc1+
27. Kf2 Nc4 28. Bxc4 bxc4 29. Ke2 Ra1 30. a3 f6 31. Ke3 fxe5 32. fxe5 c3 33.
bxc3 Rxa3 34. Kd4 Kf7 35. Rf2+ Ke7 36. Rf6 Ra4+ 37. Kd3 Re4 38. Rxg6 Rxe5
1/2-1/2

[Event "4NCL Division 3n"]
[Site "Shrigley Hall ENG"]
[Date "2014.01.12"]
[Round "4.116"]
[White "Whitehead, Mark A"]
[Black "Boumphrey, Luke S"]
[Result "0-1"]
[WhiteElo "2026"]
[BlackElo "1982"]
[PlyCount "84"]
[EventDate "2014.01.12"]
[WhiteTeam "Manchester Manticores 2"]
[BlackTeam "Ferry 'Cross the Maroczy 2"]

1. e4 c5 2. Nc3 Nc6 3. g3 g6 4. Bg2 Bg7 5. d3 e6 6. Be3 d6 7. Qd2 Rb8 8. Nge2
Nd4 9. O-O b5 10. Nd1 Nxe2+ 11. Qxe2 Ne7 12. a3 O-O 13. f4 Qc7 14. c3 f5 15.
Nf2 Bb7 16. Nh3 c4 17. Ng5 cxd3 18. Qxd3 fxe4 19. Bxe4 d5 20. Bg2 Nf5 21. Bxa7
Rbe8 22. Rfe1 Bc8 23. Bf2 Qc6 24. Re2 h6 25. Nf3 Ba6 26. Ne5 b4 27. Nxc6 Bxd3
28. Rd2 bxc3 29. bxc3 Bxc3 30. Rxd3 Bxa1 31. Rd1 Bb2 32. Bc5 Rf7 33. Rb1 Rd7
34. Kf1 Rc8 35. Ne7+ Nxe7 36. Bxe7 Rc1+ 37. Rxc1 Bxc1 38. Bc5 Rb7 39. Kf2 Rb2+
40. Kg1 Ra2 41. Bh3 Kf7 42. Bg4 Bxa3 0-1

[Event "4NCL Division 3n"]
[Site "Shrigley Hall ENG"]
[Date "2014.01.12"]
[Round "4.119"]
[White "Stephens, Ian Paul"]
[Black "Norris, Michael J"]
[Result "1-0"]
[WhiteElo "1866"]
[BlackElo "1948"]
[PlyCount "81"]
[EventDate "2014.01.12"]
[WhiteTeam "Ferry 'Cross the Maroczy 2"]
[BlackTeam "Manchester Manticores 2"]

1. e4 e5 2. Nf3 Nf6 3. Nxe5 d6 4. Nf3 Nxe4 5. Qe2 Qe7 6. d3 Nf6 7. Bg5 Qxe2+ 8.
Bxe2 Be7 9. Nc3 c6 10. h3 h6 11. Bh4 Bf5 12. O-O-O Nbd7 13. Rhe1 O-O-O 14. Nd4
Bh7 15. g4 Nd5 16. Bxe7 Nxe7 17. Bf1 Ng6 18. Nf5 Nde5 19. Nxg7 Nf4 20. Ne4 Bxe4
21. Rxe4 Nd5 22. Nh5 Nf3 23. Bg2 Ng5 24. Ra4 a6 25. Bxd5 cxd5 26. Nf4 Rhe8 27.
h4 Nf3 28. Nxd5 Re2 29. Rf4 Nxh4 30. Rxf7 Rde8 31. Nc3 R2e6 32. Ne4 d5 33. Nc5
R6e7 34. Rf6 Re1 35. Rxe1 Rxe1+ 36. Kd2 Rg1 37. Rxh6 Rxg4 38. Rh8+ Kc7 39. Rh7+
Kb6 40. Nd7+ Kb5 41. Ne5 1-0

[Event "4NCL Division 3n"]
[Site "Palace Hotel, Buxton ENG"]
[Date "2014.02.08"]
[Round "5.55"]
[White "Lund, D Brett"]
[Black "Molofej, Denis"]
[Result "1-0"]
[WhiteElo "2250"]
[BlackElo "2055"]
[PlyCount "69"]
[EventDate "2014.02.08"]
[WhiteTeam "Spirit of Atticus A"]
[BlackTeam "Bradford DCA Knights B"]

1. c4 e5 2. g3 Nf6 3. Bg2 d5 4. cxd5 Nxd5 5. Nf3 Nc6 6. O-O Be7 7. d4 exd4 8.
Nxd4 Nxd4 9. Qxd4 Nf6 10. Qa4+ c6 11. Nc3 Be6 12. e4 O-O 13. h3 Bc5 14. Qc2 Qc8
15. Kh2 h6 16. b3 Rd8 17. Bb2 Bd4 18. f4 Qb8 19. Rae1 g6 20. Ne2 Bxb2 21. Qxb2
Nh5 22. f5 Bd7 23. fxg6 fxg6 24. Qc1 Qe5 25. Qxh6 Qg7 26. Qg5 Rf8 27. g4 Nf6
28. Nf4 Kh7 29. e5 Ng8 30. e6 Be8 31. e7 Rf6 32. Ne6 Rxf1 33. Nxg7 Rxe1 34.
Nxe8 Rxe8 35. Qh4+ 1-0

[Event "4NCL Division 3n"]
[Site "Palace Hotel, Buxton ENG"]
[Date "2014.02.08"]
[Round "5.56"]
[White "Gardiner, Eric D"]
[Black "Ivell, Nicholas W"]
[Result "0-1"]
[WhiteElo "2025"]
[BlackElo "2275"]
[PlyCount "132"]
[EventDate "2014.02.08"]
[WhiteTeam "Bradford DCA Knights B"]
[BlackTeam "Spirit of Atticus A"]

1. d4 d5 2. c4 e6 3. cxd5 exd5 4. Nc3 c5 5. Nf3 Nc6 6. g3 Nf6 7. Bg2 Be7 8. Bg5
c4 9. O-O O-O 10. b3 h6 11. Bxf6 Bxf6 12. e3 Qa5 13. Qd2 Rd8 14. bxc4 dxc4 15.
Ne4 Be7 16. Qxa5 Nxa5 17. Ne5 Be6 18. f4 f6 19. Ng6 Ba3 20. f5 Bf7 21. Rab1
Rab8 22. Nc3 a6 23. Rb6 Bd6 24. Bd5 Bc7 25. Bxf7+ Kxf7 26. Re6 Bd6 27. e4 Nc6
28. e5 Bb4 29. d5 Nxe5 30. Nxe5+ fxe5 31. Rc1 Bxc3 32. Rxc3 Rxd5 33. Rxc4 Rbd8
34. a4 R8d7 35. Re4 Rd2 36. R6xe5 Ra2 37. Re1 Rxa4 38. Kg2 Ra2+ 39. Kh3 Rad2
40. R1e3 R2d5 41. g4 Rxe5 42. Rxe5 Rd6 43. Kg3 b5 44. Rc5 b4 45. Rc7+ Kf6 46.
Rb7 a5 47. h4 Rd3+ 48. Kf4 Rd4+ 49. Kf3 a4 50. Rb6+ Ke5 51. Rb5+ Kd6 52. g5 Kc6
53. Rb8 a3 54. f6 gxf6 55. gxf6 Rd7 56. Rxb4 Ra7 57. Rb1 a2 58. Ra1 Kd6 59. Kg4
Ra5 60. Rd1+ Ke6 61. Re1+ Kxf6 62. Rf1+ Kg7 63. Ra1 h5+ 64. Kg3 Kg6 65. Kh3
Ra3+ 66. Kh2 Kf5 0-1

[Event "4NCL Division 3n"]
[Site "Palace Hotel, Buxton ENG"]
[Date "2014.02.08"]
[Round "5.57"]
[White "Carleton, John J"]
[Black "Jennings, Roger W"]
[Result "1/2-1/2"]
[WhiteElo "2238"]
[BlackElo "2128"]
[PlyCount "64"]
[EventDate "2014.02.08"]
[WhiteTeam "Spirit of Atticus A"]
[BlackTeam "Bradford DCA Knights B"]

1. d4 g6 2. e4 Bg7 3. c4 d6 4. f4 Nf6 5. Nc3 O-O 6. Nf3 c5 7. dxc5 Qa5 8. Bd3
Qxc5 9. Qe2 Nc6 10. Be3 Qa5 11. Rc1 Nh5 12. O-O Bg4 13. Qf2 Bxf3 14. gxf3 Bh6
15. Qh4 e5 16. Nd5 exf4 17. Bxf4 Bxf4 18. Nxf4 Nxf4 19. Qxf4 Qb6+ 20. Rf2 Ne5
21. Bb1 Rac8 22. b3 Qd4 23. Kg2 b5 24. cxb5 Qb4 25. Qe3 Rxc1 26. Qxc1 Qxb5 27.
Qc7 Qa6 28. Rd2 Rc8 29. Qxd6 Qxd6 30. Rxd6 Rc1 31. Rd5 Rxb1 32. Rxe5 Rb2+
*

[Event "4NCL Division 3n"]
[Site "Palace Hotel, Buxton ENG"]
[Date "2014.02.08"]
[Round "5.60"]
[White "Patrick, David A"]
[Black "Smith, Andrew P"]
[Result "0-1"]
[WhiteElo "1886"]
[BlackElo "2147"]
[PlyCount "128"]
[EventDate "2014.02.08"]
[WhiteTeam "Bradford DCA Knights B"]
[BlackTeam "Spirit of Atticus A"]

1. e4 c5 2. c3 d5 3. exd5 Qxd5 4. d4 e6 5. Nf3 Nf6 6. Be3 cxd4 7. Qxd4 Nc6 8.
Qxd5 Nxd5 9. Bd4 Nxd4 10. Nxd4 Bc5 11. Nb3 Bb6 12. Bb5+ Bd7 13. Bxd7+ Kxd7 14.
Na3 Rac8 15. Rd1 Ke7 16. O-O Rhd8 17. g3 Nf6 18. Rxd8 Rxd8 19. Nc4 Ne4 20. Nxb6
axb6 21. f3 Nd6 22. Nd4 e5 23. Re1 Kf6 24. Nb3 Nc4 25. f4 exf4 26. Re4 Rd1+ 27.
Kf2 fxg3+ 28. hxg3 Nxb2 29. Ke2 Rd6 30. Nd4 g6 31. Rf4+ Ke7 32. Re4+ Kd7 33.
Rf4 f6 34. Rh4 h5 35. g4 hxg4 36. Rxg4 f5 37. Rh4 Na4 38. Kd2 Nc5 39. Rh7+ Ke8
40. Ke3 Rd7 41. Rh8+ Kf7 42. Kf4 Re7 43. Nb5 Kg7 44. Rc8 Kf6 45. Rf8+ Rf7 46.
Rc8 g5+ 47. Kf3 g4+ 48. Kf4 Ne6+ 49. Kg3 Rh7 50. Nd6 Rh3+ 51. Kg2 f4 52. Rg8
Rg3+ 53. Kf2 Rf3+ 54. Ke2 Re3+ 55. Kd2 g3 56. Nc4 Rf3 57. Nxb6 Rf2+ 58. Ke1
Rxa2 59. Nd5+ Ke5 60. Nb4 Rg2 61. Kf1 f3 62. Nd3+ Ke4 63. Ne1 Rf2+ 64. Kg1 Re2
0-1
*

[Event "4NCL Division 3n"]
[Site "Palace Hotel, Buxton ENG"]
[Date "2014.02.08"]
[Round "5.65"]
[White "Ackley, Peter JE"]
[Black "Wallace, Paul A"]
[Result "1/2-1/2"]
[WhiteElo "2027"]
[BlackElo "2160"]
[PlyCount "37"]
[EventDate "2014.02.08"]
[WhiteTeam "Spirit of Atticus B"]
[BlackTeam "Cheddleton 2"]

1. Nf3 Nf6 2. c4 g6 3. b4 Bg7 4. Bb2 O-O 5. g3 b6 6. Bg2 Bb7 7. O-O c5 8. bxc5
bxc5 9. d3 Nc6 10. Nbd2 d6 11. Rb1 Rb8 12. Bc3 Qd7 13. Rb3 Ba8 14. Qa1 Rxb3 15.
axb3 Rb8 16. Qa4 Ne8 17. Bxg7 Kxg7 18. Ra1 Nf6 19. Kf1 1/2-1/2

[Event "4NCL Division 3n"]
[Site "Palace Hotel, Buxton ENG"]
[Date "2014.02.08"]
[Round "5.66"]
[White "Acey, Gerald"]
[Black "Robertson, David J"]
[Result "1-0"]
[WhiteElo "2116"]
[BlackElo "1925"]
[PlyCount "95"]
[EventDate "2014.02.08"]
[WhiteTeam "Cheddleton 2"]
[BlackTeam "Spirit of Atticus B"]

1. d4 d5 2. Nf3 e6 3. g3 Nf6 4. Bg2 c6 5. O-O Nbd7 6. c4 Bd6 7. Qc2 O-O 8. Nbd2
Re8 9. e4 dxe4 10. Nxe4 Nxe4 11. Qxe4 e5 12. dxe5 Nxe5 13. Bf4 Ng6 14. Qxe8+
Qxe8 15. Bxd6 Be6 16. c5 Qd7 17. h4 Bd5 18. Rfe1 Qf5 19. Re3 h6 20. Rae1 a5 21.
a3 a4 22. Kh2 Kh7 23. R1e2 Bc4 24. Rd2 Bd5 25. Bh3 Qxf3 26. Rxf3 Bxf3 27. Rd4
Be2 28. Rb4 Bb5 29. Bf5 Kg8 30. Bxg6 fxg6 31. Re4 Kf7 32. Re7+ Kf6 33. f4 g5
34. Rxb7 gxf4 35. gxf4 g5 36. hxg5+ hxg5 37. Be7+ Kf5 38. fxg5 Rh8+ 39. Kg3 Rh1
40. Rb8 Rg1+ 41. Kf2 Rf1+ 42. Kg2 Rc1 43. Rf8+ Kg6 44. Rf6+ Kg7 45. Bf8+ Kg8
46. g6 Rc2+ 47. Kg3 Rxb2 48. Bh6 1-0

[Event "4NCL Division 3n"]
[Site "Palace Hotel, Buxton ENG"]
[Date "2014.02.08"]
[Round "5.68"]
[White "Armstrong, Malcolm J"]
[Black "Bryant, Richard BE"]
[Result "1-0"]
[WhiteElo "2118"]
[BlackElo "1963"]
[PlyCount "109"]
[EventDate "2014.02.08"]
[WhiteTeam "Cheddleton 2"]
[BlackTeam "Spirit of Atticus B"]

1. d4 d5 2. Nf3 Nf6 3. c4 c6 4. e3 e6 5. Nc3 Nbd7 6. Bd3 dxc4 7. Bxc4 b5 8. Bd3
a6 9. O-O c5 10. Qe2 Bb7 11. Rd1 Qb6 12. a4 c4 13. Bc2 b4 14. a5 Qc7 15. Na4
Be7 16. Ne5 b3 17. Bb1 Rc8 18. Nxd7 Nxd7 19. Bd2 O-O 20. e4 e5 21. dxe5 Nxe5
22. Nb6 Rcd8 23. Rc1 Qd6 24. Bf4 c3 25. Bxe5 Qxe5 26. Rxc3 Rd4 27. Nc4 Qb5 28.
Bd3 Qd7 29. Ne5 Qe6 30. Nf3 Rb4 31. Rc4 Rd8 32. Rxb4 Bxb4 33. Bc4 Qe7 34. Bxb3
Bxe4 35. Bxf7+ Kxf7 36. Qxe4 Qc5 37. Ne5+ Kg8 38. Nc6 Rd2 39. Qe8+ Qf8 40.
Qxf8+ Bxf8 41. b4 Rc2 42. b5 Bc5 43. bxa6 Bxf2+ 44. Kf1 Rxc6 45. Kxf2 Rxa6 46.
Ke3 Kf7 47. Kd4 Ke7 48. Kc5 Kd7 49. Kb5 Ra8 50. a6 Rb8+ 51. Kc5 Rc8+ 52. Kd5
Ra8 53. a7 Kd8 54. Kd6 h6 55. h3 1-0
*

[Event "4NCL Division 3n"]
[Site "Palace Hotel, Buxton ENG"]
[Date "2014.02.08"]
[Round "5.69"]
[White "Mort, Andrew J"]
[Black "Richardson, Alex"]
[Result "0-1"]
[WhiteElo "1973"]
[BlackElo "2110"]
[PlyCount "58"]
[EventDate "2014.02.08"]
[WhiteTeam "Spirit of Atticus B"]
[BlackTeam "Cheddleton 2"]

1. c4 c5 2. Nc3 Nf6 3. g3 d5 4. cxd5 Nxd5 5. Bg2 Nc7 6. Nf3 Nc6 7. O-O e5 8.
Ne1 Bg4 9. Bxc6+ bxc6 10. Qa4 Qd7 11. Nd3 f6 12. b3 Nb5 13. f3 Bf5 14. Nf2 Be7
15. Ba3 Nxa3 16. Qxa3 Qxd2 17. Rac1 O-O 18. Qa4 Qd7 19. Rfd1 Qc7 20. Nce4 Bxe4
21. Nxe4 Rfd8 22. Qc4+ Kh8 23. e3 Rxd1+ 24. Rxd1 Rd8 25. Rxd8+ Qxd8 26. Kg2 f5
27. Nxc5 Qd2+ 28. Kh3 Qxe3 29. Nd7 Qh6+ 0-1

[Event "4NCL Division 3n"]
[Site "Palace Hotel, Buxton ENG"]
[Date "2014.02.08"]
[Round "5.70"]
[White "Edwards, Simon R"]
[Black "Connor, Stephen J"]
[Result "1-0"]
[WhiteElo "1957"]
[BlackElo "2026"]
[PlyCount "47"]
[EventDate "2014.02.08"]
[WhiteTeam "Cheddleton 2"]
[BlackTeam "Spirit of Atticus B"]

1. e4 c5 2. Nc3 Nc6 3. f4 g6 4. Bb5 Bg7 5. Nf3 Nd4 6. d3 Nxb5 7. Nxb5 d6 8. O-O
Nf6 9. Nc3 O-O 10. Qe1 e6 11. Qh4 h5 12. f5 Nh7 13. fxg6 fxg6 14. Qg3 Rf6 15.
e5 dxe5 16. Ne4 Rf5 17. Qxg6 Qf8 18. Be3 Qf7 19. Qg3 b6 20. Nd6 Qe7 21. Nxf5
exf5 22. Bh6 e4 23. Nh4 Kh8 24. Ng6+ 1-0

[Event "4NCL Division 3n"]
[Site "Palace Hotel, Buxton ENG"]
[Date "2014.02.08"]
[Round "5.75"]
[White "Dunn, Andrew"]
[Black "Bennett, Patrick"]
[Result "1-0"]
[WhiteElo "2232"]
[BlackElo "2017"]
[PlyCount "79"]
[EventDate "2014.02.08"]
[WhiteTeam "North East England 1"]
[BlackTeam "Holmes Chapel"]

1. c4 Nf6 2. Nc3 g6 3. e4 d6 4. g3 Bg7 5. Bg2 c5 6. Nge2 Nc6 7. d3 O-O 8. O-O
a6 9. h3 Rb8 10. f4 Bd7 11. a4 Ne8 12. Rb1 Nc7 13. Be3 b5 14. b3 Nd4 15. axb5
axb5 16. Kh2 b4 17. Nd5 Nxd5 18. exd5 Nf5 19. Bf2 Ra8 20. d4 cxd4 21. Nxd4 Ra2
22. Nc6 Bxc6 23. dxc6 e5 24. Qf3 exf4 25. gxf4 Qc7 26. Rbe1 Rc2 27. Qe4 Rc3 28.
Rb1 Bf6 29. Rfc1 Ra8 30. Rxc3 bxc3 31. Rc1 Kf8 32. c5 d5 33. Qf3 Ra2 34. Kg1 d4
35. Bf1 Rb2 36. Bd3 Rxb3 37. Ra1 Rb8 38. Bxf5 gxf5 39. Qd5 c2 40. Kg2 {time}
1-0